Historia y teoría económica / (Record no. 64161)

MARC details
000 -LEADER
fixed length control field 00612cam a2200193 a 4500
008 - FIXED-LENGTH DATA ELEMENTS--GENERAL INFORMATION
fixed length control field 040826s1984 sp 000 0 spa u
020 ## - INTERNATIONAL STANDARD BOOK NUMBER
International Standard Book Number 847423235X
050 00 - LIBRARY OF CONGRESS CALL NUMBER
Classification number HB75
Item number N45 1984
100 1# - MAIN ENTRY--PERSONAL NAME
Personal name Nell, Edward J.
245 10 - TITLE STATEMENT
Title Historia y teoría económica /
Statement of responsibility, etc Edward J. Nell ; edición y prólogo a cargo de Alfons Barceló y Lluís Argemí.
260 ## - PUBLICATION, DISTRIBUTION, ETC. (IMPRINT)
Place of publication, distribution, etc Barcelona :
Name of publisher, distributor, etc Crítica,
Date of publication, distribution, etc 1984.
300 ## - PHYSICAL DESCRIPTION
Extent 174 p. ;
Dimensions 20 cm.
440 #0 - SERIES STATEMENT/ADDED ENTRY--TITLE
Title Crítica. Historia ;
Volume number/sequential designation 29
650 #0 - SUBJECT ADDED ENTRY--TOPICAL TERM
Topical term or geographic name as entry element Historia económica
700 1# - ADDED ENTRY--PERSONAL NAME
Personal name Barceló, Alfons, ed.
700 1# - ADDED ENTRY--PERSONAL NAME
Personal name Argemí, Lluís, ed.
942 ## - ADDED ENTRY ELEMENTS (KOHA)
Source of classification or shelving scheme Biblioteca del Cogreso de los Estados Unidos
Koha item type Libro
Holdings
Estado de pérdida Fuente de clasificación Estado del daño No para préstamo Ubicación permanente Ubicación actual Apartado o colección Fecha de adquisición Edición Dependencia de educación superior (DES) Área del conocimiento Clasificación Código de Barras Date last seen Número de copia Tipo de recurso
  Biblioteca del Cogreso de los Estados Unidos     Biblioteca del Instituto de Investigaciones Históricas Biblioteca del Instituto de Investigaciones Históricas General 15/08/2018 1a ed. Humanidades Ciencias Sociales y Administrativas HB75 N45 1984 IIH000024098 15/08/2018 C:1 Libro